000 003350000a22000970004500
100 1 _aMilován, Guillermo
245 1 0 _aEl evangelio que dignifica a la mujer : Relato a cerca de la mujer sorprendida en el mismo acto de adulterio
300 _aVol. 57, Núm 258 (2002), Página 21-24
773 0 _tLa Biblia de las Américas
942 _cANA
999 _c51702
_d51702